000 01088nam a2200253 a 4500
001 83358
003 BD-RjUL
005 20240314112610.0
008 240314s2011 bg a|||| m||| 00| 0 eng d
035 _a(BD-RjUL)83358
040 _aBD-RjUL
_beng
_cBD-RjUL
_dBD-RjUL
041 _aeng
082 _223
_a368.00655492
_bSID 2011
100 _aSiddique, Md. Abu Bokar
_912330
245 1 0 _aDisclosure Practices of Insurance Companies Enlisted in Dhaka Stock Exchange :
_bAn Evaluation /
_cBy Md. Abu Bokar Siddique ;
_6Supervisor : Abhinaya Chandra Saha, Co-Supervisor : Madan Mohan Dey
260 _aRajshahi :
_bDepartment of Accounting & Infomation Systems, University of Rajshahi,
_c2011
300 _axviii, 173, xxi, Leaves
_bill, ;
_c29 cm.
502 _aThesis (Ph. D.) -- Department of Accounting & Infomation Systems, University of Rajshahi, 2011
504 _aReferences : Leaves 164-173
650 _aInsurance Companies
_vDisclosure Practices
_912331
700 _aSaha, Abhinaya Chandra, Supervisor
_91668
700 _aDey, Madan Mohan, Co-Supervisor
942 _2ddc
_cTHE
999 _c83358
_d83358